000 00288nam a22001337a 4500
008 170828b xxu||||| |||| 00| 0 eng d
020 _a9780312404581
041 _aeng
080 _a070
100 _a93
101 _aMED
245 _aPUBLIC SPEAKING
_cMARTINS.ST
942 _2udc
_cBK
999 _c25158
_d25158